Recolección y conducción de las aguas negras
Guardado en:
| 主要作者: | |
|---|---|
| 格式: | 未知 |
| 出版: |
[San José, Costa Rica]
1975
|
| 主題: | |
| 標簽: |
添加標簽
沒有標簽, 成為第一個標記此記錄!
|
MARC
| LEADER | 00000 a2200000 4500 | ||
|---|---|---|---|
| 003 | 011516 | ||
| 005 | 20221231143822.0 | ||
| 008 | 140114s1975 c a m 000|||s d | ||
| 040 | |c cru CEDI | ||
| 090 | |a TFG 598 | ||
| 100 | |a Velásquez C., Marco T |9 16830 | ||
| 245 | |a Recolección y conducción de las aguas negras | ||
| 260 | |c 1975 |a [San José, Costa Rica] | ||
| 300 | |a 58 hojas, gráficos, ilustraciones, mapas (algunas plegables), tablas | ||
| 500 | |a Tesis (Ingeniero Civil) Universidad de Costa Rica | ||
| 650 | |x AGUAS RESIDUALES |9 16829 | ||
| 942 | |c TFG | ||
| 999 | |c 12469 |d 12469 | ||
